Science Quiz

Random Science or Chemistry Quiz

Science Sixes Quiz Stats

 Plays Quiz Updated Mar 18, 2020

Support Sporcle.
Go Orange.
Score 0/36 Timer 06:00
7 Plays Today
Hint Answer % Correct
Planets that have MoonsEarth
96%
Planets that have MoonsMars
94.8%
Planets that have MoonsJupiter
94.8%
Planets that have MoonsSaturn
94.7%
Planets that have MoonsUranus
92.8%
Planets that have MoonsNeptune
92.1%
Noble Gases^Neon
85.9%
Types of Triangles*Right
82.9%
Noble Gases^Argon
80.7%
Noble Gases^Helium
79.9%
Noble Gases^Xenon
74.8%
Types of Triangles*Isosceles
73.7%
Simple MachinesLever
72.8%
Types of Triangles*Equilateral
71.3%
Simple MachinesPulley
68.4%
Taxonomic KingdomsAnimal
65.2%
Taxonomic KingdomsPlant
61.3%
Noble Gases^Radon
60.9%
Hint Answer % Correct
Types of Triangles*Obtuse
60.1%
Noble Gases^Krypton
59.9%
QuarksUp
59.2%
QuarksDown
59%
Types of Triangles*Acute
57.5%
Types of Triangles*Scalene
53.9%
Taxonomic KingdomsFungi
53.1%
Taxonomic KingdomsEubacteria
50.1%
Simple MachinesScrew
45.5%
Simple MachinesInclined Plane
43.2%
QuarksStrange
42%
Simple MachinesWedge
39.1%
QuarksBottom
38.5%
QuarksTop
38.2%
QuarksCharm
36.2%
Simple MachinesWheel and axle
25.8%
Taxonomic KingdomsProtist
20.1%
Taxonomic KingdomsArchaebacteria
17.7%

From the Vault

Sleepy Disney

by Rackie

Movies 7m
You can drift off to dreamland, just be sure to come back at the end of the quiz.
Remove Ads.
Support Sporcle.
Get the best of Sporcle when you Go Orange. This ad-free experience offers more features, more stats, and more fun while also helping to support Sporcle. Thank you for becoming a member.

Show Comments

Extras

Top Quizzes Today


Score Distribution

Your Account Isn't Verified!

In order to create a playlist on Sporcle, you need to verify the email address you used during registration. Go to your Sporcle Settings to finish the process.

Report this User

Report this user for behavior that violates our Community Guidelines.

Details: